El anticuario (Registro nro. 86773)

Detalles MARC
000 -ENCABEZADO
Número de control [NR] 00618nam a22001817a 4500
008 - DE LONGITUD FIJA DE DATOS DE ELEMENTOS - INFORMACIÓN GENERAL
Elementos de longitud fija [NR] 130821s1910 sp gr spa
040 ## - FUENTE DE CATALOGACION [NR]
Agencia de catalogación original [NR] Co-BoUCM
Idioma de catalogación [NR] spa
041 00 - CODIGO DE IDIOMA [R]
Código de idioma para texto/pista de sonido o título separado [R] Español
100 1# - ASIENTO PRINCIPAL--NOMBRE PERSONAL [NR]
Nombre personal [NR] Scott, Walter
Títulos u otras palabras asociadas al nombre [R] Sir
Fechas asociadas con el nombre [NR] 1771-1832
ID Autoridad 59905
245 13 - MENCION DE TITULO [NR]
Título [NR] El anticuario
Mención de responsabilidad, etc. [NR] por Sir Walter Scott
260 ## - PUBLICACION, DISTRIBUCION, ETC. (PIE DE IMPRENTA) [R]
Lugar de publicación, distribución, etc. [R] Madrid (España)
Nombre del editor, distribuidor, etc. [R] Administración del Apostolado de la Prensa
Fecha de publicación, distribución, etc. [R] 1910
300 ## - DESCRIPCION FISICA [R]
Extensión [R] 2 volúmenes
490 #0 - MENCION DE SERIE [R]
Mención de serie [R] Lecturas recreativas del Apostolado de la Prensa
650 04 - ASIENTO SECUNDARIO DE MATERIA - TERMINO TEMATICO [R]
Término temático o nombre geográfico como elemento de entrada [NR] Literatura inglesa
9 (RLIN) 272
650 04 - ASIENTO SECUNDARIO DE MATERIA - TERMINO TEMATICO [R]
Término temático o nombre geográfico como elemento de entrada [NR] Novela inglesa
9 (RLIN) 20530
942 ## - ELEMENTOS DE ENTRADA AGREGADOS (KOHA)
Tipo de ítem principal el descrito en 300a Libro
Tema principal Literatura
Edición 1
Parte restante de la signatura top. S26A
Título oculto en OPAC No
Sistema de clasificación DEWEY
Clasificación 823
Existencias
Signatura topográfica Código de barras Última vez visto Volúmen / Fascículo Ejemplar Price effective from Tipo de ítem Perdido Sistema de clasificación Dañado No prestable Tipo de ítem específico Suprimido Ubicación habitual Ubicación actual Localización Fecha de creación Forma de adquisición Costo
FCS 823 S26A 120002515 11/07/2012 1910 V.1 Ej.1 03/02/2013 Libro   DEWEY     Fondos especiales     Archivo Histórico Archivo histórico 28/02/2003 Donación 1000.00
FCS 823 S26A 120002516 11/07/2012 1910 V.2 Ej.1 03/02/2013 Libro   DEWEY     Fondos especiales     Archivo Histórico Archivo histórico 28/02/2003 Donación 1000.00